[Event "Clichy"]
[Site "Clichy"]
[Date "1998.05.21"]
[Round "6"]
[White "Adrian, Claude"]
[Black "Geenen, Marc"]
[Result "1/2-1/2"]
[WhiteElo "2335"]
[BlackElo "2325"]

1.d4 d5 2.c4 dxc4 3.Nf3 c5 4.d5 Nf6 5.Nc3 e6 6.e4 exd5 7.e5 Nfd7 8.Bg5 Be7
9.Bxe7 Qxe7 10.Nxd5 Qd8 11.Qc2 Nxe5 12.Qe4 Be6 13.Qxe5 Qxd5 14.Qxg7 Rf8 15.Rd1 Qe4+
16.Be2 Nd7 17.Ng5 Qe5 18.Qxe5 Nxe5 19.Nxh7 Rh8 20.Nf6+ Kf8 21.f4 Nc6 22.Nd7+ Bxd7
23.Rxd7 Re8 24.Kf2 b5 25.Bf3 Nb4 26.Bd5 Re7 27.Rxe7 Kxe7 28.Be4  1/2-1/2

[Event "Stockholm"]
[Site "Stockholm"]
[Date "1998.06.10"]
[Round "5"]
[White "Eriksson, Johan"]
[Black "Hartman, Christer"]
[Result "1/2-1/2"]
[WhiteElo "2380"]
[BlackElo "2345"]

1.d4 d5 2.c4 dxc4 3.Nf3 a6 4.e3 Nf6 5.Bxc4 e6 6.O-O c5 7.e4 b5 8.Bd3 Bb7
9.e5 Nd5 10.a4 bxa4 11.dxc5 Nb4 12.Qxa4+ N8c6 13.Be4 Bxc5 14.Bd2 Qb6 15.Bxb4 Bxb4
16.Nd4 Rc8 17.Nxc6 Bxc6 18.Bxc6+ Rxc6 19.Rc1 Kd7 20.Nc3 Rc8 21.Ne4 Ke7 22.Rxc6 Rxc6
23.Rd1 Qb5 24.Qb3 h6 25.h3 a5 26.Qf3 Rb6 27.Nf6 Rb7 28.Rc1 gxf6 29.Qxf6+ Kd7
30.Qxf7+ Be7 31.Rd1+ Kc8 32.Qxe6+ Kb8 33.Rd2 Ka7 34.Rd5 Bc5 35.Kh2 Qc4 36.Qc6 Qf4+
37.Kh1 Qc1+ 38.Kh2 Qf4+ 39.Kh1 Qc1+ 40.Kh2  1/2-1/2

[Event "Stockholm"]
[Site "Stockholm"]
[Date "1998.06.12"]
[Round "7"]
[White "Malmstig, Erik"]
[Black "Hartman, Christer"]
[Result "1-0"]
[WhiteElo "2305"]
[BlackElo "2345"]

1.d4 d5 2.c4 dxc4 3.Nf3 a6 4.e3 Nf6 5.Bxc4 e6 6.Qe2 c5 7.dxc5 Bxc5 8.O-O b5
9.Bd3 Nc6 10.Nbd2 Nb4 11.Bb1 Bb7 12.Nb3 Bb6 13.e4 Nc6 14.e5 Nd7 15.Be4 h6
16.Bf4 Rc8 17.Rad1 Rc7 18.Rd6 Qa8 19.Rfd1 Ne7 20.Nfd2 Nd5 21.Bg3 O-O 22.Qg4 Bc5
23.Rxd7 Bxf2+ 24.Bxf2 Rxd7 25.Nc5 Rc7 26.Ndb3 Qc8 27.Bd4 Ba8 28.h4 a5 29.Nd3 Rc4
30.Bxd5 Bxd5 31.Nf4 Be4 32.Nh5 Bg6 33.Nxa5 Ra4 34.Nb3 Qc2 35.Nf4 Bf5 36.Qe2 Rxa2
37.Nc5 Qxe2 38.Nxe2 Rd8 39.Nb7 Rd7 40.Nc5 Rd8 41.Nb7 Rd7 42.Nd6 Bg4 43.Kf2 b4
44.Rc1 Ra8 45.Nf4 f6 46.h5 Rxd6 47.exd6 e5 48.Bxe5 fxe5 49.Ng6 Rd8 50.Nxe5 Rxd6
51.Nxg4 Rd2+ 52.Kg3 Rxb2 53.Ne5 Kf8 54.Rc7 b3 55.Ng6+ Kg8 56.Ne5 Kf8 57.Rf7+ Kg8
58.Rf3 g5 59.hxg6 Re2 60.Ng4 b2 61.Rb3 Kg7 62.Kf3 Rc2 63.Rb6 h5 64.Ne3 Rc5
65.Rxb2 Kxg6 66.Kf4 Rc6 67.Rb5 Rf6+ 68.Rf5 Re6 69.Rg5+ Kh6 70.Nf5+ Kh7 71.Rxh5+ Kg8
72.g4 Re1 73.Rh2 Kf7 74.Kg5 Kg8 75.Ra2 Re8 76.Ra7 Rb8 77.Ne7+ Kf8 78.Ng6+ Kg8
79.Kh6 Rb7 80.Ne7+  1-0

[Event "White Nights op"]
[Site "St Petersburg"]
[Date "1998.06.23"]
[Round "4"]
[White "Ignatiev, Alexander"]
[Black "Shushpanov, Vladimir"]
[Result "1/2-1/2"]
[WhiteElo "2315"]
[BlackElo "2340"]

1.d4 d5 2.c4 dxc4 3.Nf3 a6 4.a4 Nf6 5.g3 c5 6.Bg2 cxd4 7.Qxd4 Qxd4 8.Nxd4 e5
9.Nf3 Nc6 10.Nbd2 Bb4 11.O-O Bg4 12.h3 Bxf3 13.Bxf3 Na5 14.Ne4 Nxe4 15.Bxe4 O-O-O
16.Bg5 f6 17.Be3 Nb3 18.Rad1 Bc5 19.Bxc5 Nxc5 20.Rc1 b5 21.axb5 axb5 22.Bc6 Nb3
23.Bxb5 Nxc1 24.Rxc1 Kc7 25.Bxc4 Kd6 26.f3 f5 27.Bd3 g6 28.g4 e4 29.fxe4 fxg4
30.hxg4 Ke5 31.Kg2 Kf4 32.Kh3 h5 33.Rf1+ Kg5 34.gxh5 Rxh5+ 35.Kg3 Rdh8 36.Rg1 Rh1
37.Rg2 Rf1 38.e3 Rff8 39.e5 Rh4 40.Be2 Re4 41.Kh2+ Kh6 42.Bd3 Rxe3 43.Rxg6+ Kh5
44.Rg3 Rf2+ 45.Kh3 Rxe5 46.b4 Re1 47.Bg6+ Kh6 48.Bd3 Rh1+ 49.Kg4 Rh5 50.b5 Rf6
51.Bc4 Rd6 52.Kf3 Rd4 53.Be2 Rb4 54.Bd3 Rd5 55.Ke2 Rb2+ 56.Ke1 Rd4 57.Kf1 Kh5
58.Be2+ Kh4 59.Re3 Kg5 60.Rd3 Rh4 61.Re3 Rh2 62.Ke1 Kf4 63.Re8 Rb1+ 64.Kd2 Rxb5
65.Rf8+ Ke5 66.Re8+ Kf6 67.Kc3 Ra5 68.Bc4 Ra1 69.Re6+ Kf5 70.Re2 Rc1+ 71.Kb2 Rhh1
72.Bd3+ Kf4 73.Re4+ Kg5 74.Re5+ Kf6 75.Re2 Rc8 76.Be4 Rh5 77.Bd3 Rd5 78.Bc2 Rb5+
79.Kc1 Kg5 80.Rf2 Kg4 81.Kd1 Kg3 82.Rf5 Rb2 83.Be4  1/2-1/2

[Event "RUS-Cup07"]
[Site "Tomsk"]
[Date "1998.07.17"]
[Round "3"]
[White "Nikitin, Andrey"]
[Black "Vaulin, Alexander"]
[Result "1/2-1/2"]
[WhiteElo "2410"]
[BlackElo "2535"]

1.d4 d5 2.c4 dxc4 3.Nf3 a6 4.e3 e6 5.Bxc4 c5 6.O-O Nf6 7.b3 Nc6 8.Bb2 cxd4
9.Nxd4 Nxd4 10.Bxd4 Be7 11.Be2 Bd7 12.Bf3 Bb5 13.Re1 Qd7 14.Nc3 O-O 15.Na4 Bxa4
16.bxa4 Nd5 17.Qb3 b5 18.axb5 Qxb5 19.Rab1 Rfb8 20.Rec1 Qxb3 21.Rxb3 Rxb3
22.axb3 a5 23.e4 Nb4 24.Kf1 e5 25.Bb6 Bd8 26.Be3 h6 27.Rc5 Bb6 28.Rxe5 Bxe3
29.fxe3 a4 30.bxa4 Rxa4 31.Re8+ Kh7 32.e5 Ra1+ 33.Kf2 Nd3+ 34.Kg3 Nc5 35.Re7 Kg8
36.Bd5 Rf1 37.Rc7 Ne6 38.Rc8+ Kh7 39.h4 Re1 40.Kf2 Ra1 41.Ra8 Rxa8 42.Bxa8 Nc5
43.Kf3 Kg8 44.Bd5  1/2-1/2

[Event "Budapest FS08 GM"]
[Site "Budapest"]
[Date "1998.08.10"]
[Round "10"]
[White "Hoang Than Trang"]
[Black "Gonzalez Garcia, Jose"]
[Result "1/2-1/2"]
[WhiteElo "2350"]
[BlackElo "2445"]

1.d4 d5 2.c4 dxc4 3.Nf3 a6 4.e3 e6 5.Bxc4 c5 6.O-O Nf6 7.b3 Nc6 8.Bb2 cxd4
9.Nxd4 Nxd4 10.Bxd4 Bd7 11.Nd2 Bc6 12.Be2 Be7 13.Nc4 O-O 14.Rc1 Nd7 15.Qc2 Bf6
16.Rfd1 Bxd4 17.Rxd4 Qg5 18.Rg4 Qe7 19.Na5 Bb5 20.Rd4 e5 21.Rdd1 Nf6 22.Nc4 Rfd8
23.Qf5 g6 24.Qg5 Kg7 25.h3 h6 26.Qh4 Rxd1+ 27.Rxd1 Rd8 28.Rxd8 Qxd8 29.a4 Bxc4
30.Qxc4 Qd6 31.a5 Qd2 32.b4 Nd5 33.Bf3 Nxb4 34.Bxb7 Nd3 35.Bxa6 Qe1+ 36.Kh2 Nxf2
37.Qe2 Qh1+ 38.Kg3 Ne4+ 39.Kf3 Ng5+ 40.Kf2 Ne4+ 41.Kf3 Ng5+ 42.Kf2 Ne4+  1/2-1/2

[Event "GER-ENG (Women)"]
[Site "Dresden"]
[Date "1998.08.17"]
[Round "2"]
[White "Nill, Jessica"]
[Black "Regan, Natasha"]
[Result "1/2-1/2"]
[WhiteElo "2200"]
[BlackElo "2165"]

1.d4 d5 2.c4 dxc4 3.Nf3 a6 4.a4 Nf6 5.e3 Bg4 6.Bxc4 e6 7.Nbd2 Nbd7 8.h3 Bh5
9.O-O c5 10.Qb3 Qc7 11.Ne5 Rd8 12.Nxd7 Rxd7 13.Re1 cxd4 14.exd4 Rxd4 15.Bxe6 fxe6
16.Qxe6+ Be7 17.b3 Qd7 18.Ba3 Qxe6 19.Rxe6 Rd7 20.Rae1 Nd5 21.Nc4 Kd8 22.Bxe7+ Rxe7
23.Rd6+ Rd7 24.g4 Bg6 25.Rd1 Nf6 26.g5 Rxd6 27.Nxd6 Nd7 28.Nxb7+ Kc7 29.Na5 Nb8
30.Rc1+ Kd7 31.b4 Rc8 32.Rd1+ Ke6 33.Nb7 Ke7 34.Re1+ Kf8 35.b5 axb5 36.axb5 Nd7
37.f4 Bd3 38.Rd1 Rc3 39.Nd6 Ke7 40.Nc8+ Rxc8 41.Rxd3 Rc5 42.Rb3 Nb6 43.Kf2 Ke6
44.Re3+ Kd6 45.Re8 g6 46.Rh8 Rc7 47.Kg3 Rf7 48.h4 Nd5 49.h5 Nxf4 50.hxg6 Nxg6
51.Rc8 Rb7 52.Kg4 Rxb5 53.Kh5 Rb7 54.Kh6 Ke6 55.Rc6+ Ke5 56.Rc5+ Kf4 57.Rc4+ Kf5
58.Rc5+ Ne5 59.Ra5 Rd7 60.Rb5 Ra7 61.Rb6 Ng4+ 62.Kh5 Ra1 63.Rb5+ Ne5 64.Kh6 Rh1+
65.Kg7 Kf4 66.Kf6 Ng4+ 67.Kg7 Ne5 68.Kf6 Ng4+ 69.Kg7 Ne5  1/2-1/2

[Event "CRO-chT"]
[Site "Porec"]
[Date "1998.09.07"]
[Round "3"]
[White "Shariyazdanov, Andrey"]
[Black "Sermek, Drazen"]
[Result "1-0"]
[WhiteElo "2530"]
[BlackElo "2550"]

1.d4 d5 2.c4 dxc4 3.Nf3 c5 4.e3 cxd4 5.Bxc4 Qc7 6.Qb3 e6 7.exd4 Nf6 8.Bg5 Be7
9.O-O Nc6 10.Nbd2 O-O 11.Rac1 Qd8 12.Qd3 b6 13.a3 Bb7 14.Ba2 Rc8 15.Rfe1 Re8
16.Bb1 g6 17.Ba2 Kg7 18.Nc4 Nd5 19.Bd2 Rc7 20.Ne3 Nf6 21.Bc3 Kg8 22.Rcd1 Rd7
23.Qc2 Bf8 24.d5 Nxd5 25.Ng4 Bg7 26.Bxg7 Kxg7 27.Bxd5 Rxd5 28.Qc3+ e5 29.Rxd5 Qxd5
30.Qc1 f6 31.Qh6+ Kf7 32.Qxh7+ Ke6 33.Qxg6 Rf8 34.Ngxe5 Kd6 35.Qg7  1-0

[Event "ESP-chT"]
[Site "Salamanca"]
[Date "1998.09.13"]
[Round "9"]
[White "Jose Abril, Ramon"]
[Black "Mellado Trivino, Juan"]
[Result "1-0"]
[WhiteElo "2375"]
[BlackElo "2460"]

1.d4 d5 2.c4 dxc4 3.Nf3 c5 4.e3 cxd4 5.Bxc4 Qc7 6.Qb3 e6 7.exd4 Nf6 8.O-O Be7
9.Nc3 a6 10.Be3 Nc6 11.Be2 O-O 12.Rac1 Bd7 13.Na4 Nd5 14.Nc5 Rfd8 15.Rfd1 Be8
16.a3 b6 17.Nxa6 Qa7 18.Qc2 Qb7 19.b4 Rxa6 20.b5 Rxa3 21.bxc6 Qa8 22.Bd2 Ra2
23.Qc4 Rc8 24.Ne5 Bd6 25.Nd7 Ra4 26.Qb3 Qa7 27.Be1 Ra3 28.Qb5 Qa4 29.Qxa4 Rxa4
30.Bb5 Ra7 31.Ra1 Rca8 32.Rxa7 Rxa7 33.Rc1 Bc7 34.g3 f6 35.Bc4 Kf7 36.Rb1 Ke7
37.Bxd5 exd5 38.Nxb6 Ra6 39.Nxd5+ Kd6 40.Nxc7 Kxc7 41.d5 Kd6 42.Rb8 Bf7 43.Rd8+ Ke5
44.Bc3+ Ke4 45.c7  1-0

[Event "Elista ol (Men)"]
[Site "Elista"]
[Date "1998.10.10"]
[Round "11"]
[White "Wang Rui"]
[Black "Varga, Zoltan"]
[Result "0-1"]
[WhiteElo "2330"]
[BlackElo "2565"]

1.d4 d5 2.c4 dxc4 3.Nf3 a6 4.e3 Nf6 5.Bxc4 e6 6.O-O b5 7.Bd3 c5 8.a4 b4 9.Nbd2 Bb7
10.Qe2 Nc6 11.Nb3 cxd4 12.exd4 Na5 13.Nxa5 Qxa5 14.Bg5 Be7 15.Rfc1 O-O 16.Bxf6 Bxf6
17.Rc5 Qb6 18.Rac1 Bxf3 19.Qxf3 Rfd8 20.a5 Qd6 21.Rc7 Qxd4 22.Bxh7+ Kf8 23.g3 Ra7
24.Rxa7 Qxa7 25.Rc2 Qd4 26.Be4 Qe5 27.Kg2 Qxa5 28.b3 Bc3 29.Bd3 Qb6 30.Re2 a5
31.Bc4 Bf6 32.h4 Rd4 33.Rc2 Qc5 34.Ra2 Kg8 35.Kh3 Bd8 36.Kg2 g6 37.Qa8 Kg7
38.Qb7 Rxc4 39.bxc4 Bb6 40.Qa6 b3 41.Rb2 Qb4 42.Qb7 a4 43.h5 gxh5 44.Qf3 Qxc4
45.Rd2 Qc5 46.Kh2 Ba5 47.Re2 Bc3 48.Re3 Bf6 49.Qf4 b2  0-1

[Event "Young Masters 5th"]
[Site "Loures"]
[Date "1998.11.08"]
[Round "6"]
[White "Del Rio, Salvador Gabriel"]
[Black "Rocha, Sergio"]
[Result "1/2-1/2"]
[WhiteElo "2365"]
[BlackElo "2425"]

1.d4 d5 2.c4 dxc4 3.Nf3 a6 4.a4 Nf6 5.e3 e6 6.Bxc4 c5 7.O-O Nc6 8.Qe2 Qc7
9.Nc3 Be7 10.Bd2 Bd7 11.d5 exd5 12.Nxd5 Nxd5 13.Bxd5 Bf6 14.Qc4 O-O 15.Qxc5 Bxb2
16.Rab1 Bf6 17.Rfc1 Rac8 18.Qa3 Qb8 19.a5 Nd8 20.Bb4 Re8 21.Bd6 Qa8 22.e4 Rxc1+
23.Rxc1 Bc6 24.Qc5 Ne6 25.Qc4 Bb5 26.Qb3 Rc8 27.Rd1 Rc3 28.Qb4 Qc8 29.e5 Rc1
30.Rxc1 Qxc1+ 31.Qe1 Qxe1+ 32.Nxe1 Bd8 33.Bxb7 Bxa5 34.Nc2 Bc7 35.Bxc7 Nxc7
36.f4 Ne6 37.g3 Kf8 38.Kf2 Ke7 39.Ke3 f6 40.Na3 Bf1 41.Be4 h6 42.Kf2 Nc5
43.Bd5 Bh3 44.Ke3 Be6 45.Bf3 fxe5 46.fxe5 Kd7 47.Kd4 Nb3+ 48.Kc3 Kc7 49.Be2 Nc5
50.Kd4 Nb3+ 51.Kc3 Nc5 52.Kd4 Nb3+  1/2-1/2

[Event "SLO-chT"]
[Site "Bled"]
[Date "1998.11.11"]
[Round "5"]
[White "Farago, Ivan"]
[Black "Sermek, Drazen"]
[Result "1/2-1/2"]
[WhiteElo "2530"]
[BlackElo "2550"]

1.d4 d5 2.c4 dxc4 3.Nf3 c5 4.d5 e6 5.Nc3 exd5 6.Qxd5 Qxd5 7.Nxd5 Bd6 8.Nd2 Nc6
9.Nxc4 Bb8 10.e4 Nd4 11.Bd3 Ne7 12.O-O Be6 13.Re1 f6 14.Bd2 Kf7 15.Nce3 Bd6
16.Bc3 Rac8  1/2-1/2

[Event "Elgoibar"]
[Site "Elgoibar"]
[Date "1998.11.28"]
[Round "8"]
[White "Bellon Lopez, Juan Manuel"]
[Black "Mellado Trivino, Juan"]
[Result "0-1"]
[WhiteElo "2490"]
[BlackElo "2460"]

1.d4 d5 2.c4 dxc4 3.Nf3 c5 4.e4 cxd4 5.Qxd4 Qxd4 6.Nxd4 Bd7 7.Bxc4 Nc6 8.Be3 Nf6
9.f3 e6 10.Nxc6 Bxc6 11.Nd2 Bd6 12.Be2 O-O 13.Rc1 Rfd8 14.a3 Nd7 15.Kf2 a6
16.Nb3 Be5 17.Nd4 Bxd4 18.Bxd4 e5 19.Be3 Nf8 20.Bb6 Rd2 21.b3 Bb5 22.Rhe1 Ne6
23.a4 Bxe2 24.Rxe2 Rd3 25.Rb2 g5 26.Rc4 h5 27.g3 g4 28.fxg4 hxg4 29.Ke2 Rf3
30.Be3 Kg7 31.Rb1 Rh8 32.Rh1 Rxg3 33.hxg3 Rxh1 34.Rb4 Rh3 35.Kf2 Rh2+ 36.Kf1 Nd8
37.Rb6 Rb2 38.Bh6+ Kh7 39.Bg5 Ne6 40.Bf6 Nc5 41.Bxe5 Rb1+ 42.Ke2 Nd7 43.Rxb7 Nxe5
44.Re7 Rb2+ 45.Kf1 Nd3 46.Rxf7+ Kg6 47.Rd7 Nc5 48.Rd6+ Kf7 49.Rd4 Nxb3 50.Rd5 Ke6
51.Rh5 Nd2+ 52.Ke2 Nxe4+ 53.Kd3 Rb4 54.a5 Ra4 55.Kc2 Rc4+ 56.Kd3 Rc5 57.Rh6+ Nf6
58.Rh1 Rxa5 59.Kc4 Ra3 60.Kd4 a5 61.Rb1  0-1

[Event "Gudmundur Arason op 4th"]
[Site "Hafnarfjordur"]
[Date "1998.12.16"]
[Round "3"]
[White "Lugovoi, Aleksei"]
[Black "Raetsky, Alexander"]
[Result "1/2-1/2"]
[WhiteElo "2525"]
[BlackElo "2440"]

1.d4 d5 2.c4 dxc4 3.Nf3 a6 4.Nc3 e6 5.e4 b5 6.a4 b4 7.Na2 Bb7 8.Bxc4 Bxe4
9.a5 Nc6 10.O-O Nf6 11.Re1 Bxf3 12.Qxf3 Nxd4 13.Qd1 Bd6 14.Be3 Nc6 15.Rc1 O-O
16.Bxe6 fxe6 17.Rxc6 Nd5 18.Qg4 Qd7 19.Rc4 Rf5 20.Bd2 Raf8 21.f3 c5 22.Qe4 Re5
23.Qb1 Qb5 24.Rh4 g6 25.Rhe4 Rxe4  1/2-1/2

[Event "Skopje op"]
[Site "Skopje"]
[Date "1998.12.17"]
[Round "6"]
[White "Andonovski, Ljubisa"]
[Black "Kocovski, Ivan"]
[Result "1/2-1/2"]
[WhiteElo "2390"]
[BlackElo "2290"]

1.d4 d5 2.c4 dxc4 3.Nf3 a6 4.e3 Nf6 5.Bxc4 e6 6.O-O c5 7.Bb3 Nc6 8.Nc3 Be7
9.dxc5 Qxd1 10.Rxd1 Bxc5 11.Ng5 Ke7 12.Nge4 Nxe4 13.Nxe4 Ba7 14.Bd2 Bd7 15.Rac1 Rhc8
16.Nc5 Rc7 17.Nxd7 Rxd7 18.Bc3 f6 19.Rxd7+ Kxd7 20.g4 Ke7 21.g5 fxg5 22.Bxg7 Rg8
23.Bc3 Bb8 24.Bc2 h5 25.Bh7 Rd8 26.Be4 Bd6 27.a3 Rd7 28.Kg2 Ne5 29.Bd4 Ng4
30.h4 Nf6 31.Bg6 gxh4 32.f4 Rd8 33.Kh3 Bxf4 34.Rf1 Bg5 35.Bc5+ Kd7 36.Rd1+ Kc8
37.Rg1 Rd5 38.Rc1 Kb8 39.Bf7 Rd3 40.Re1 Nd7 41.Bd4 e5 42.Bg6 exd4 43.Bxd3 Ne5
44.Be2 Bxe3 45.Bxh5 Nd3 46.Rb1 Nf4+ 47.Kxh4 Nxh5 48.Kxh5 d3 49.Kg4 d2 50.Kf3 Bg5
51.Ke2 Ka7 52.Rf1 Bh6 53.Rf7 Bg5 54.Rd7 Kb8 55.a4 Kc8 56.Rd5 Bh6 57.b4 Kc7
58.Rc5+ Kb6 59.Rf5 Ka7 60.Rf7 Bg5 61.Rd7 Kb8 62.Rd5 Be7 63.b5 axb5 64.Rxb5 Ka7
65.Kxd2 Bf6 66.Kd3 Bh4 67.Kc4 Ka6 68.Kd5 Bf2 69.Kd6 b6 70.Kd7 Be3 71.Kc6 Bd4
72.Rd5 Bc5 73.Rd8 Ka5 74.Ra8+ Kb4 75.Ra6 Bf2 76.Ra7 Bc5 77.Ra8 Bf2 78.Rf8 Be3
79.Re8  1/2-1/2

[Event "Danube op"]
[Site "Aschach"]
[Date "1998.12.27"]
[Round "3"]
[White "Karner, Christoph"]
[Black "Ezsol, Miklos"]
[Result "0-1"]
[WhiteElo "2175"]
[BlackElo "2370"]

1.d4 d5 2.c4 dxc4 3.Nf3 c5 4.d5 e6 5.e4 exd5 6.exd5 Nf6 7.Bxc4 Bd6 8.O-O O-O
9.Bg5 h6 10.Bh4 Bf5 11.Nc3 a6 12.a4 Nbd7 13.Bd3 Bxd3 14.Qxd3 Qc7 15.Rfe1 Rfe8
16.Ne4 Nxe4 17.Rxe4 Rxe4 18.Qxe4 c4 19.Rd1 b5 20.axb5 axb5 21.Nd4 Bxh2+ 22.Kh1 Be5
23.Nxb5 Qc5 24.Nc3 Rb8 25.Qf5 Qd6 26.Qc2 g5 27.Bg3 Bxg3 28.fxg3 Qxg3 29.Qe2 Nf6
30.Qf3 Qxf3 31.gxf3 Rxb2 32.Rd4 Rf2 33.Rxc4 Rxf3 34.Rc6 Kg7 35.Kg2 Rd3 36.d6 h5
37.Nb5 g4 38.Rc5 Kg6 39.Kf2  0-1

[Event "Rilton Cup 9899"]
[Site "Stockholm"]
[Date "1998.12.28"]
[Round "1"]
[White "Elsness, Frode"]
[Black "Engstrom, Steffan"]
[Result "1-0"]
[WhiteElo "2350"]
[BlackElo "2050"]

1.d4 d5 2.c4 dxc4 3.Nf3 a6 4.e3 Bg4 5.Bxc4 e6 6.O-O Nf6 7.Nc3 Nc6 8.Be2 Be7
9.a3 O-O 10.b4 Nd5 11.Bb2 Nxc3 12.Bxc3 Bf6 13.Qc2 Ne7 14.Rfd1 Nd5 15.Bd2 g6
16.h3 Bxf3 17.Bxf3 c6 18.Rab1 Qe7 19.Qc5 Rfd8 20.a4 Rac8 21.Be1 Qf8 22.Qxf8+ Kxf8
23.Rdc1 e5 24.dxe5 Bxe5 25.b5 axb5 26.axb5 Rd7 27.Rc5 Bd6 28.Rc2 Be7 29.g3 Rcc7
30.e4 Nf6 31.Ba5 Rc8 32.e5 Nd5 33.Bg4 f5 34.exf6 Nxf6 35.Bxd7 Nxd7 36.bxc6 bxc6
37.Rb7 Ne5 38.Re2 Bd6 39.Bc3 Nf7 40.Re6 Rd8 41.Bf6 Re8  1-0

[Event "Budapest Nyar op"]
[Site "Budapest"]
[Date "1998.??.??"]
[Round "5"]
[White "Hoang Th Trang"]
[Black "Shushpanov, Vladimir"]
[Result "1/2-1/2"]
[WhiteElo "2350"]
[BlackElo "2340"]

1.d4 d5 2.c4 dxc4 3.Nf3 a6 4.e3 Bg4 5.Bxc4 e6 6.Qb3 Bxf3 7.gxf3 Ra7 8.Nc3 Nf6
9.Bd2 Be7 10.Rg1 O-O 11.Be2 c5 12.dxc5 Nbd7 13.Na4 Nxc5 14.Nxc5 Bxc5 15.O-O-O b5
16.Bc3 Qe7 17.Kb1 g6 18.h4 Rd8 19.Rc1 Nd5 20.Be5 Bd6 21.Bd4 Rc7 22.h5 Rxc1+
23.Rxc1 e5 24.Qxd5 exd4 25.hxg6 hxg6 26.Qxd4 Bg3 27.Qc5 Qxc5 28.Rxc5 Bxf2
29.Rc6 Rd2 30.Rc2 Rxc2 31.Kxc2 Bxe3 32.a4 bxa4  1/2-1/2

[Event "Cappelle op"]
[Site "Cappelle la Grande"]
[Date "1998.??.??"]
[Round "4"]
[White "Kempinski, Robert"]
[Black "Shaw, John"]
[Result "1-0"]
[WhiteElo "2520"]
[BlackElo "2380"]

1.d4 d5 2.Nf3 c5 3.c4 dxc4 4.e3 cxd4 5.exd4 Be6 6.Na3 Nc6 7.Nxc4 g6 8.Nce5 Bg7
9.Qa4 Bd5 10.Bb5 Qc8 11.Be3 a6 12.Bxc6+ bxc6 13.Rc1 Qb7 14.Nxc6 Qd7 15.O-O Bxf3
16.gxf3 Nf6 17.Qa3 Nd5 18.Qc5 Qd6 19.Rfd1 Rc8 20.b4 Qxc5 21.Rxc5 e6 22.Rdc1 Kd7
23.a3 Rc7 24.Na5 Rhc8 25.Kf1 Bf8 26.Rxc7+ Rxc7 27.Nc4 Bg7 28.Ke2 Kc6 29.Kd3 Kb5
30.Bd2 Rd7 31.a4+ Kxa4 32.Ra1+ Kb5 33.Ra5+ Kc6 34.Rxa6+ Kb7 35.Rd6 Rc7 36.b5 Bf8
37.Na5+ Kc8 38.Ra6 Bb4 39.Nc6 Be7 40.Ra8+ Kd7 41.Ne5+  1-0

[Event "Creon op"]
[Site "Creon"]
[Date "1998.??.??"]
[Round "9"]
[White "Hartereau, Philippe"]
[Black "Flear, Glenn C"]
[Result "1/2-1/2"]
[WhiteElo "2180"]
[BlackElo "2445"]

1.d4 d5 2.c4 dxc4 3.Nf3 a6 4.e3 Nf6 5.Bxc4 e6 6.O-O c5 7.dxc5 Bxc5 8.a3 b5
9.Qxd8+ Kxd8 10.b4 Bd6 11.Be2 Bb7 12.Bb2 Nbd7 13.Nbd2 Ke7 14.Rfc1 Rhc8 15.Kf1 e5
16.h3 h6 17.Rxc8 Rxc8 18.Rc1 Rxc1+ 19.Bxc1 Ke6 20.Nb3 Bd5 21.Nfd2 Nb6 22.f3 Kd7
23.e4 Be6 24.Kf2 Na4 25.Bf1 Bc7 26.Ke2 Bb6 27.Kd3 Nh5 28.Kc2 Be3 29.Na5 Nf4
30.Nb1 Bxc1 31.Kxc1 g5 32.Kc2 Kc7 33.Nd2 Nb6 34.Kc3 h5 35.Nab3 Nd7 36.Nc1 h4
37.Nd3 Kd6 38.Nxf4 exf4 39.Bd3 f6 40.Bc2 Ne5 41.Bd3 Nc6 42.Bc2 Ke5 43.Bb3 Bc8
44.Bd1 Nd4 45.Nb3 Nxb3 46.Bxb3 g4 47.hxg4 Bxg4 48.Bd1 Be6 49.Be2 f5 50.exf5 Bxf5
51.Bf1 Be6 52.Bd3 Bd5 53.Be2 Bb7 54.Kd3 Bc6 55.Kc3 Bd5 56.Bd3 h3 57.gxh3 Bxf3
58.a4 bxa4 59.Bxa6 Bd1 60.Bb7 Bb3 61.Bc6 Kd6 62.Bf3 Bd5 63.Bd1 a3 64.h4 f3  1/2-1/2

[Event "Decin op-A"]
[Site "Decin"]
[Date "1998.??.??"]
[Round "9"]
[White "Galianina, Julia"]
[Black "Weglarz, Leszek"]
[Result "1/2-1/2"]
[WhiteElo "2295"]
[BlackElo "2395"]

1.d4 d5 2.c4 dxc4 3.Nf3 c5 4.e3 e6 5.Bxc4 Nf6 6.Qe2 a6 7.dxc5 Bxc5 8.O-O Nc6
9.e4 Qc7 10.e5 Ng4 11.Bf4 f6 12.Nbd2 Ngxe5 13.Nxe5 fxe5 14.Bg3 O-O 15.Rac1 Qe7
16.Nf3 Nd4 17.Nxd4 exd4 18.Qe4 Bd6 19.Bd3 g6 20.Qxd4 Bxg3 21.hxg3 Rd8 22.Qe3 Bd7
23.Bc4 Rac8 24.Rfe1 Rc6 25.Bb3 Rxc1 26.Rxc1 Rc8 27.Re1 Rc6 28.Bd5 Rc2 29.Qb3 Qc5
30.Bxe6+ Kg7 31.Qf3 Bc6 32.Qf7+ Kh6 33.Qf4+ Kg7 34.Qf7+ Kh6 35.Qf4+ Kg7 36.Qf7+  1/2-1/2

[Event "Dieren op"]
[Site "Dieren"]
[Date "1998.??.??"]
[Round "2"]
[White "Peng, Zhaoqin"]
[Black "Van Rijn, Anton"]
[Result "1-0"]
[WhiteElo "2420"]
[BlackElo "2245"]

1.Nf3 d5 2.d4 c5 3.c4 dxc4 4.e3 Nf6 5.Bxc4 e6 6.O-O a6 7.Qe2 b5 8.Bd3 Qb6
9.a4 c4 10.Bc2 Bb7 11.e4 Nbd7 12.Nbd2 Be7 13.Rd1 Qc7 14.axb5 axb5 15.Rxa8+ Bxa8
16.e5 Nd5 17.Ne4 h6 18.Ne1 g6 19.h4 Qc6 20.h5 g5 21.Bd2 Bb7 22.Kh1 Kf8 23.f3 Qb6
24.Bc1 Kg7 25.f4 Kf8 26.fxg5 hxg5 27.Nxg5 Ke8 28.Qg4 Nf8 29.Nxf7 Kxf7 30.Bg6+ Nxg6
31.Qxg6+ Kf8 32.Nc2 Qd8 33.Rf1+ Nf6 34.Bh6+ Rxh6 35.Qxh6+ Ke8  1-0

[Event "Centrocoop June op-A"]
[Site "Eforie Nord "]
[Date "1998.??.??"]
[Round "?"]
[White "Dobrov, Vladimir"]
[Black "Breahna, Radu"]
[Result "1/2-1/2"]
[WhiteElo "2130"]
[BlackElo "2325"]

1.d4 d5 2.c4 dxc4 3.Nf3 a6 4.e3 Nf6 5.Bxc4 e6 6.a4 c5 7.O-O Nc6 8.Qe2 Qc7
9.Nc3 Bd6 10.b3 O-O 11.Bb2 cxd4 12.exd4 Na5 13.Rfd1 b6 14.d5 e5 15.h3 Nxc4
16.bxc4 Bd7 17.Nd2 Bf5 18.Rdc1 Rab8 19.a5 bxa5 20.Na4 Bd7 21.c5 Bxa4 22.cxd6 Qxd6
23.Bxe5 Qd7 24.Bxb8 Rxb8 25.Qxa6 Bb5 26.Qxa5 Qxd5 27.Nf3 h6 28.Qc7 Re8 29.Rc5 Qd7
30.Qb6 Be2 31.Rc7 Qd8 32.Qb7 Bxf3 33.gxf3 Nh5 34.Rc4 Qg5+ 35.Rg4 Qf6 36.Ra8 Rxa8
37.Qxa8+ Kh7 38.Qd5 g6 39.h4 Nf4 40.Qe4 Nh5 41.Kg2 Ng7 42.Qd4 Qxd4 43.Rxd4 Nf5
44.Ra4 h5  1/2-1/2

[Event "Oberliga Ost B9899"]
[Site "GER"]
[Date "1998.??.??"]
[Round "?"]
[White "Bewersdorff, Oliver"]
[Black "Duncker, Joachim"]
[Result "0-1"]
[WhiteElo "2380"]
[BlackElo "2265"]

1.d4 d5 2.c4 dxc4 3.Nf3 c5 4.d5 Nf6 5.Nc3 e6 6.e4 exd5 7.e5 Nfd7 8.Bg5 Be7
9.Bxe7 Qxe7 10.Nxd5 Qd8 11.Qc2 Qa5+ 12.Nd2 Nc6 13.O-O-O O-O 14.Nxc4 Qxa2
15.Nc3 Qa1+ 16.Kd2 Qa6 17.Qe4 Nd4 18.Nd6 Qa5 19.Bd3 g6 20.Ke3 Qd8 21.Bc4 Nb6
22.Nd5 Bf5 23.Nf6+ Qxf6 24.exf6 Nxc4+ 25.Nxc4 Bxe4 26.Kxe4 Rfe8+ 27.Ne5 Re6
28.f4 Rxf6 29.g4 Re8 30.g5 Rb6 31.Kd3 Rb3+ 32.Kc4 b6 33.Rhe1 Rb4+ 34.Kc3 Rb3+
35.Kc4 Rxb2 36.Nd7 Rxe1 37.Rxe1 Re2 38.Ra1 a5 39.Nxb6 Ne6 40.Rxa5 Re4+ 41.Kd5 Rxf4  0-1

[Event "Oberliga Nord O9798"]
[Site "Germany"]
[Date "1998.??.??"]
[Round "?"]
[White "Thal, Olaf"]
[Black "Breier, Andreas"]
[Result "1-0"]
[WhiteElo "2295"]
[BlackElo "2180"]

1.Nf3 d5 2.d4 c5 3.c4 dxc4 4.d5 e6 5.e4 exd5 6.exd5 Bd6 7.Nc3 h6 8.Bxc4 Nf6
9.Qe2+ Kf8 10.h3 a6 11.a4 Nbd7 12.O-O b6 13.b3 Bb7 14.Bb2 Qc7 15.Rfe1 h5
16.Rad1 h4 17.Qd3 Ne5 18.Nxe5 Bxe5 19.Re2 Bd4 20.Ne4 Bxb2 21.Rxb2 Nxe4 22.Qxe4 Qd6
23.Re2 Rh5 24.Qf3 g6 25.Re6 Qxe6 26.Qxh5 Qe4 27.Qh8+ Ke7 28.Qg7 Rf8 29.Kf1  1-0

[Event "BL2-West 9900 (Women)"]
[Site "Germany"]
[Date "1998.??.??"]
[Round "?"]
[White "Bosboom Lanchava, Tea"]
[Black "Skripchenko, Almira"]
[Result "1/2-1/2"]
[WhiteElo "2261"]
[BlackElo "2414"]

1.d4 d5 2.c4 dxc4 3.Nf3 a6 4.e4 b5 5.a4 Bb7 6.e5 e6 7.Nc3 Qd7 8.Be2 Bb4 9.O-O Ne7
10.Ng5 Nf5 11.Bf3 c6 12.Be3 O-O 13.Be4 h6 14.Nh3 Bxc3 15.bxc3 c5 16.Bxf5  1/2-1/2

[Event "Ruhr-ch Seniors 5th"]
[Site "Germany"]
[Date "1998.??.??"]
[Round "8"]
[White "Schmitthoefer, Herbert"]
[Black "Tsiperstein, Jakob"]
[Result "0-1"]
[WhiteElo "1805"]
[BlackElo "1980"]

1.d4 d5 2.Nf3 a6 3.c4 dxc4 4.a4 c6 5.Nc3 Bd7 6.e4 b5 7.axb5 cxb5 8.Be3 Bc6
9.d5 Bb7 10.Be2 Nf6 11.O-O g6 12.b3 cxb3 13.Qxb3 Bg7 14.Rac1 O-O 15.Rfd1 Nbd7
16.h3 Rc8 17.e5 Ne8 18.e6 Ne5 19.Nxe5 Bxe5 20.Bh6 Ng7 21.exf7+ Rxf7 22.Bg5 Bd6
23.Ne4 Rxc1 24.Rxc1 Bxd5 25.Qc2 Ne6 26.Nxd6 Qxd6 27.Be3 Nf4 28.Bf1 Bb7 29.Rd1 Nd5
30.Bh6 Qc6 31.Qd2 Rf5 32.g4 Nf6 33.Qa2+ e6 34.Rd8+ Kf7 35.Rf8+ Ke7 36.Rf7+ Kxf7  0-1

[Event "Capablanca mem Masters I"]
[Site "Havana"]
[Date "1998.??.??"]
[Round "4"]
[White "Gomez, Felix"]
[Black "Valdes, Luis E"]
[Result "1-0"]
[WhiteElo "2335"]
[BlackElo "2405"]

1.d4 d5 2.Nf3 c5 3.c4 dxc4 4.e3 cxd4 5.Bxc4 Qc7 6.Qc2 e6 7.Nxd4 Bd7 8.Bxe6 Qxc2
9.Bxd7+ Nxd7 10.Nxc2 Rc8 11.Nc3 Ngf6 12.Nd4 Bc5 13.Nf3 Bb4 14.Bd2 Nb6 15.Ke2 Nc4
16.Rhc1 Nxd2 17.Nxd2 Bxc3 18.Rxc3 Rxc3 19.bxc3 Ke7 20.Rb1 b6 21.c4 Rc8 22.Rb5 Nd7
23.e4 Nc5 24.Ke3 Rd8 25.Nb3 Rd3+ 26.Ke2 Rc3 27.Nxc5 bxc5 28.Rxc5 Rc2+ 29.Ke3 Rxa2
30.Rc7+ Ke6 31.c5 Rc2 32.h4 h5 33.Rxa7 Rxc5 34.Ra6+ Ke7 35.g3 Rc2 36.f3 Rc3+
37.Kf4 Rd3 38.g4 hxg4 39.fxg4 Rb3 40.h5 Rb1 41.g5 Rf1+ 42.Ke3 Re1+ 43.Kd4 Rd1+
44.Ke5 Rh1 45.Ra7+ Ke8 46.g6 Rxh5+ 47.Kd6 fxg6 48.e5 Rh4 49.Ra8+ Kf7 50.e6+ Kf6
51.Rf8+ Kg5 52.e7 Re4 53.e8=Q Rxe8 54.Rxe8  1-0

[Event "HUN-chT9899"]
[Site "HUN"]
[Date "1998.??.??"]
[Round "?"]
[White "Krutti, Valer"]
[Black "Kallai, Gabor"]
[Result "1/2-1/2"]
[WhiteElo "2360"]
[BlackElo "2505"]

1.d4 d5 2.c4 dxc4 3.Nf3 c5 4.e4 Nf6 5.e5 Nd5 6.Bxc4 Nc6 7.dxc5 e6 8.O-O Bxc5
9.Nbd2 O-O 10.Qe2 Na5 11.Ne4 Nxc4 12.Nxc5 b6 13.Qxc4 bxc5 14.Ng5 Nb4  1/2-1/2